000 00435nam a2200181Ia 4500
008 151202s9999||||xx |||||||||||||| ||und||
082 _bPNVM-18270
100 _aWALN NORA.
245 _aTHE HOUSE OF EXILE.
260 _b"CRESSEL PRESS LTD, LONDON."
260 _c1944
300 _a243
600 _aWALN NORA.
630 _aTHE HOUSE OF EXILE.
700 _aWALN NORA.
730 _aTHE HOUSE OF EXILE.
942 _cBOOK
999 _c1284254
_d1284251